| 000 | 00861cam a2200229 a 4500 | ||
|---|---|---|---|
| 020 | _a039914255X (acidfree paper) | ||
| 082 | 0 | 0 |
_a297.1325 _bPET _cD |
| 100 | 1 |
_aD'Adamo, Peter. _937330 |
|
| 245 | 1 | 0 |
_aEat right 4 (for) your type : _bthe individualized diet solution to staying healthy, living longer & achieving your ideal weight : 4 blood types, 4 diets / _cPeter J. D'Adamo, with Catherine Whitney. |
| 260 |
_aNew York : _bG.P. Putnam's Sons, _cc1996. |
||
| 300 |
_axix, 392 p. : _bill., maps ; _c24 cm. |
||
| 526 |
_a0 _b0 _c0 _d297_132500000000000_PET |
||
| 526 |
_a0 _b0 _c0 _d297_132500000000000_PET |
||
| 650 | 0 |
_aBlood groups. _937331 |
|
| 650 | 0 |
_aHealth. _93553 |
|
| 650 | 0 |
_aHuman evolution. _910892 |
|
| 650 | 0 |
_aMCE _9379 |
|
| 650 | 0 |
_aNutrition. _937332 |
|
| 650 | 0 |
_aWeight loss. _98074 |
|
| 700 | 1 |
_aWhitney, Catherine. _937333 |
|
| 942 |
_2ddc _cBK |
||
| 999 |
_c542226 _d542226 |
||